| 000 | 00466nmm a2200157Ia 4500 | ||
|---|---|---|---|
| 008 | 251105s9999||||xx |||||||||||||||||und|| | ||
| 020 | _a9789875912090 | ||
| 041 | _aspa | ||
| 100 | _aAnder-Egg, Ezequiel | ||
| 245 | 0 | _aPara mejorar la capacidad operativa | |
| 264 |
_a[Buenos Aires, Argentina] : _bEditorial Brujas, _c2015 |
||
| 300 | _a108 páginas | ||
| 650 | _aEconomics and Business | ||
| 856 | _uhttps://public.digitaliapublishing.com/a/41822 | ||
| 942 | _cCF | ||
| 999 |
_c97455 _d97455 |
||